000
00304nam a22001337a 4500
008
170615b xxu||||| |||| 00| 0 eng d
020
_a
9780534536848
041
_a
eng
080
_a
328
100
_a
19
101
_a
SHP
245
_a
AMERICAN GOVERNMENT AND POLITICS
_c
BESSETTE,J.M
942
_2
udc
_c
BK
999
_c
17593
_d
17593